| 000 | 00502nmm a2200169Ia 4500 | ||
|---|---|---|---|
| 008 | 251105s9999||||xx |||||||||||||||||und|| | ||
| 020 | _a9788437094625 | ||
| 041 | _aspa | ||
| 100 | _aLópez Piñero, José María | ||
| 245 | 0 | _aSantiago Ramón y Cajal | |
| 264 |
_a[Madrid, España] : _bPublicaciones de la Universidad de Valencia (PUV), _c2014 |
||
| 300 | _a400 páginas | ||
| 490 | _aBiografías | ||
| 650 | _aMedicine | ||
| 856 | _uhttps://public.digitaliapublishing.com/a/34632 | ||
| 942 | _cCF | ||
| 999 |
_c82659 _d82659 |
||